000 00997nas a2200313 4500
001 BR2015000804
003 BR-BrBNA
005 20231205125020.0
007 ta
008 230509b bl.|||p| |||| 00| 00por d
040 _aBR-BrBNA
_bpor
_cBiblioteca Nacional de Agricultura
041 _a(En)
072 _aF60
100 1 _aKumari, A.
100 1 _aSheokand, S.
100 1 _aSwaraj, K.
245 1 _aNitric oxide induced alleviation of toxic effects of short term and long term Cd stress on growth, oxidative metabolism and Cd accumulation in Chickpea
650 _aGRAO-DE-BICO
650 _aENZIMA
650 _aANTIOXIDANTE
650 _aCADMIO
650 _aCRESCIMENTO
650 _aSTRESS
650 _aTOXIDEZ
773 0 _tBrazilian Journal of Plant Physiology (Brazil)
_xISSN 1677-0420
_g(2010), v. 22(4) p. 271-284
_wBR2015000804
856 4 0 _uhttp://www.scielo.br/pdf/bjpp/v22n4/a07v22n4.pdf
909 _a202311
_bLúcia
_c55
_dLúcia Elande
942 _2AGRIS
_n0
_cANA
999 _c242144
_d242144